000 00920cam a2200349 i 4500
001 0000644
003 DO-SdBNP
005 20240725102837.0
007 0000644
008 100514s 2003 mx ac | 000 f spa
015 _a
017 _a
_b
020 _a9681911903
035 _a
040 _aBPMSU
_bspa
_cBPMSU
_e
080 _a
082 4 _a220.5
_bK26b 2003
_222
092 _a220.5 B582
100 1 _aKeene, Michael
245 1 3 _aLa biblia /
_cMichael Keene.
260 _améxico :
_bAlamah,
_c2003.
300 _a160 p.:
_bil., retrs. ;
_c18 cm.
490 0 _aBiblioteca básica
500 _aIncluye índice.
650 4 _aInterpretación de la biblia.
650 4 _aCristianismo
650 4 _aJudaísmo
650 4 _aHistoria de la iglesia
_xPeríodo primitivo, ca. 30-600
830 0 _aBiblioteca básica
910 _aVMateo V. Control de calidad. BPMSU
942 _2ddc
_cBK
999 _c11280
_d11280